Loading...
| Any History | 7 | 15.71 | 100% | 57% | 0% |
| Current Events | 5 | 26.00 | 100% | 100% | 60% |
| Fine Arts - Classical Music | 7 | 12.86 | 100% | 29% | 0% |
| Fine Arts - Other Fine Arts | 10 | 18.00 | 100% | 80% | 0% |
| Geography | 5 | 18.00 | 100% | 80% | 0% |
| History - American History | 7 | 12.86 | 71% | 57% | 0% |
| History - European History | 7 | 17.14 | 86% | 71% | 14% |
| History - World History | 8 | 10.00 | 100% | 0% | 0% |
| Literature - American Literature | 9 | 15.56 | 100% | 56% | 0% |
| Literature - British Literature | 7 | 15.71 | 100% | 57% | 0% |
| Literature - European Literature | 5 | 14.00 | 80% | 60% | 0% |
| Literature - World Literature | 12 | 15.00 | 92% | 50% | 8% |
| Mythology | 9 | 10.00 | 67% | 33% | 0% |
| Other Academic | 6 | 18.33 | 100% | 67% | 17% |
| Painting & Sculpture | 5 | 14.00 | 80% | 40% | 20% |
| Philosophy | 9 | 17.78 | 100% | 78% | 0% |
| Religion | 9 | 16.67 | 100% | 56% | 11% |
| Science - Biology | 13 | 16.15 | 100% | 62% | 0% |
| Science - Chemistry | 11 | 12.73 | 91% | 36% | 0% |
| Science - Other Science | 6 | 20.00 | 100% | 100% | 0% |
| Science - Physics | 6 | 23.33 | 100% | 83% | 50% |
| Social Science | 6 | 18.33 | 100% | 67% | 17% |